000 01233namaa22003131i 4500
003 EG-GICUC
005 20260614133343.0
008 260614s2016 ua aco|jr|||| 000 0bara d
040 _aEG-GiCUC
_bara
_cEG-GiCUC
_dEG-GiCUC
_erda
043 _af-ua---
082 0 4 _221
_a792.0233092
_bA444a
092 0 4 _221
_a792.0233092
_bA444a
099 _a792.0233092 A444a
100 1 _aشوقى، أحمد
_eمؤلف.
245 1 0 _aحلمى حليم :
_bحكاية من بلدنا /
_cأحمد شوقى
264 _aالقاهرة (مصر) :
_bوزارة الثقافة . صندوق التنمية الثقافية،
_c[2016]
300 _a71 صفحة :
_bإيضاحيات، صور ؛
_c24 سم
336 _2rdacontent
_atext
337 _2rdamedia
_aUnmediated
338 _2rdacarrier
_avolume
490 _aسلسلة الخالدون ؛
500 _aعلى الغلاف . المهرجان القومى العشرون للسينما المصرية 2016.
541 _aوزارة الثقافة ؛
_bالقاهرة ؛
_cإهداء ؛
_d2023.
600 _aحليم، حلمى
_d1916-1971
650 1 7 _aالمخرجون السينمائيون
_vتراجم
_2qrmak
651 1 _2qrmak
905 _aNermeen
942 _2ddc
_cBK
_e21
_n0
999 _c180533
_d180533